000 00453nam a2200157 i 4500
001 95127
003 ES-MaACL
005 20230906181636.0
007 t|
008 050523s1953 sp ||||1| spa d
100 1 _aLuque Baena, Miguel Arturo.
_974824
245 1 3 _aLa hora en blanco
_b: poesías /
_cde Miguel Arturo Luque Baena.
260 _aMálaga :
_bImp. J. Ruiz,
_c1953.
300 _a101 p. ;
_c18 cm.
852 _aES-MaACL
_j1956-F-13
_bR.35090
999 _c95127
_d95127